Basic skills in interpreting laboratory data / (Record no. 23275)
[ view plain ]
| 000 -LEADER | |
|---|---|
| fixed length control field | 02352cam a22002535a 4500 |
| 001 - CONTROL NUMBER | |
| control field | 17487983 |
| 005 - DATE AND TIME OF LATEST TRANSACTION | |
| control field | 20161122135455.0 |
| 008 - FIXED-LENGTH DATA ELEMENTS--GENERAL INFORMATION | |
| fixed length control field | 121005t2013 mdua frb 001 0 eng d |
| 020 ## - INTERNATIONAL STANDARD BOOK NUMBER | |
| International Standard Book Number | 9781585283439 |
| 040 ## - CATALOGING SOURCE | |
| Original cataloging agency | DNLM/DLC |
| Transcribing agency | DLC |
| Modifying agency | DLC |
| -- | EG-ScBUE |
| Language of cataloging | eng |
| 082 04 - DEWEY DECIMAL CLASSIFICATION NUMBER | |
| Classification number | 616.075 |
| Edition number | 22 |
| Item number | LEE |
| 245 00 - TITLE STATEMENT | |
| Title | Basic skills in interpreting laboratory data / |
| Statement of responsibility, etc | [edited by] Mary Lee. |
| 250 ## - EDITION STATEMENT | |
| Edition statement | 5th ed. |
| 260 ## - PUBLICATION, DISTRIBUTION, ETC. (IMPRINT) | |
| Place of publication, distribution, etc | Bethesda : |
| Name of publisher, distributor, etc | American Society of Health-System Pharmacists, |
| Date of publication, distribution, etc | c.2013. |
| 300 ## - PHYSICAL DESCRIPTION | |
| Extent | xxvii, 636 p. : |
| Other physical details | ill. ; |
| Dimensions | 28 cm. |
| 504 ## - BIBLIOGRAPHY, ETC. NOTE | |
| Bibliography, etc | Includes bibliographical references and index. |
| 505 0# - FORMATTED CONTENTS NOTE | |
| Formatted contents note | Definitions and concepts / Karen J. Tietze -- Introduction to common laboratory assays and technology / Philip F. Dupont -- Primer on drug interferences with test results / Mary Lee -- Substance abuse and toxicology testing / Peter A. Chyka -- Interpretation of serum drug concentrations / Janis J. Mackichan, Robb Mcgory -- Electrolytes, other minerals, and trace elements / Alan Lau, Lingtak- Neander Chan -- Pharmacogenomics and laboratory tests / Amber L. Beitelshees, Rosane Charlab Orbach -- The kidneys / Dominick P. Trombetta, Edward F. Foote -- Arterial blood gases and acid-base balance / Anastasia L. Roberts -- Pulmonary function and related tests / Lori A. Wilken, Min Joo -- The heart : diagnostic tests and laboratory procedures / Wafa Y. Dahdal, Samir Y. Dahdal -- Liver and gastroenterology tests / Paul Farkas, Barry Slitzky,Joanna Sampson -- Brian Altman -- Endocrine disorders / Eva M. Vivian, Brady Blackorbay -- Lipid disorders / Jill S. Borchert, Kathy E. Komperda -- Hematology : red and white blood cell tests / Paul R. Hutson, Ashley Johnson -- Hematology : blood coagulation tests / Lea E. Dela Pena -- Infectious diseases / Rodrigo Burgos, Keith A. Rodvold,Sharon M. Erdman -- Rheumatic diseases / Terry L. Schwinghammer -- Cancers and tumor markers / Patrick J. Medina -- Interpreting pediatric laboratory data / Donna M. Kraus -- Women's health / Michelle J. Washington, Candace S. Brown -- Common medical disorders of aging males-clinical and laboratory test monitoring / Mary Lee, Roohollah Sharifi . |
| 650 #7 - SUBJECT ADDED ENTRY--TOPICAL TERM | |
| Topical term or geographic name as entry element | Diagnosis, Laboratory. |
| Source of heading or term | BUEsh |
| 650 #0 - SUBJECT ADDED ENTRY--TOPICAL TERM | |
| Topical term or geographic name as entry element | Examinations |
| General subdivision | Interpretation. |
| Source of heading or term | BUEsh |
| 651 ## - SUBJECT ADDED ENTRY--GEOGRAPHIC NAME | |
| Source of heading or term | BUEsh |
| 653 ## - INDEX TERM--UNCONTROLLED | |
| Resource For college | Pharmacy |
| Arrived date list | November2016 |
| 700 1# - ADDED ENTRY--PERSONAL NAME | |
| Personal name | Lee, Mary |
| Fuller form of name | (Mary Wu-Len) |
| Relator term | editor. |
| 942 ## - ADDED ENTRY ELEMENTS (KOHA) | |
| Source of classification or shelving scheme | Dewey Decimal Classification |
| Withdrawn status | Item status | Source of classification or shelving scheme | Damaged status | Not for loan | Vendor | Home library | Current library | Shelving location | Date acquired | Source of acquisition | Cost, normal purchase price | Serial Enumeration / chronology | Total Checkouts | Total Renewals | Full call number | Barcode | Date last seen | Date last borrowed | Cost, replacement price | Koha item type |
|---|---|---|---|---|---|---|---|---|---|---|---|---|---|---|---|---|---|---|---|---|
| Dewey Decimal Classification | Baccah | Central Library | Central Library | First floor | 22/11/2016 | Purchase | 624.00 | 23587 | 1 | 7 | 616.075 LEE | 000034990 | 10/02/2026 | 10/04/2017 | 780.00 | Book - Borrowing |